|
|
|
|
| LEADER |
00919cam a2200265 a 4500 |
| 001 |
c000409921 |
| 003 |
CARM |
| 005 |
00000000000000.0 |
| 008 |
850925s1984 rh 000 0 eng |
| 010 |
|
|
|a 84981061
|
| 019 |
1 |
|
|a 5619126
|
| 020 |
|
|
|a 0869223291 (pbk.)
|c $1.60
|
| 035 |
|
|
|a (OCoLC)12811514
|
| 040 |
|
|
|a DLC
|b eng
|c DLC
|d DLC
|d WU
|
| 050 |
0 |
0 |
|a PR9390.9.M83
|b H6 1984
|
| 082 |
0 |
4 |
|a 896.02
|
| 100 |
1 |
|
|a Musengezi, Gonzo H.
|
| 245 |
1 |
4 |
|a The honourable MP :
|b a play /
|c by Gonzo H. Musengezi.
|
| 260 |
|
|
|a Gweru, Zimbabwe :
|b Mambo Press,
|c 1984.
|
| 300 |
|
|
|a 46 p. ;
|c 18 cm.
|
| 490 |
0 |
|
|a Mambo writers series. English section ;
|v vol. 16.
|
| 651 |
|
0 |
|a Zimbabwe
|v Drama.
|
| 852 |
8 |
|
|b CARM
|h A3:AF08A0
|i A05634
|p 0569970
|f BK
|
| 999 |
f |
f |
|i b8f5a980-03e0-51c0-91f6-5432510ced7b
|s f45875b9-ff8b-5f01-8005-cad4342f973c
|
| 952 |
f |
f |
|p Can circulate
|a CAVAL
|b CAVAL
|c CAVAL
|d CARM 1 Store
|e A05634
|f A3:AF08A0
|h Other scheme
|i book
|m 0569970
|